000 00368pab a2200157 454500
008 180718b1997 xxu||||| |||| 00| 0 eng d
100 _aGupta, K.N.
245 _aRole of police in avoiding accidents on the roads
260 _c1997
300 _ap.6-11
362 _aNov
650 _aAccidents
650 _aPolice
773 _aC.B.I. Bulletin
909 _a35985
999 _c35985
_d35985